| 000 | 00928nam a22002297a 4500 | ||
|---|---|---|---|
| 005 | 20250415095715.0 | ||
| 008 | 250415b |||||||| |||| 00| 0 eng d | ||
| 020 | _a978-93-87859-89-0 (hbk) | ||
| 037 | _cTB | ||
| 040 |
_aCRL _cCRL |
||
| 041 |
_2hin _ahin |
||
| 084 |
_aO152:g(Y5927) Q9 _qCRL |
||
| 100 | _aआनंद, आर. डी. | ||
| 245 | _aदलित साहित्य का नया सौंदर्यशास्त्र | ||
| 260 |
_aदिल्ली, भारत: _bपरिकल्पना, _c2019. |
||
| 300 | _a255 पृ0 | ||
| 365 |
_b275.00 _cINR |
||
| 650 | _aदलित साहित्य | ||
| 650 | _aहिन्दी साहित्य | ||
| 942 |
_2CC _cTB _hO152:g(Y5927) Q9 _n0 |
||
| 999 |
_c1308971 _d1308971 |
||